CLINICAL EXAMINATION OF OPHTHALMIC CASES (Record no. 14627)
[ view plain ]
| 000 -LEADER | |
|---|---|
| fixed length control field | 00322nam a22001457a 4500 |
| 003 - CONTROL NUMBER IDENTIFIER | |
| control field | SGT |
| 082 ## - DEWEY DECIMAL CLASSIFICATION NUMBER | |
| Classification number | 617.7 |
| Item number | C16A |
| 100 ## - MAIN ENTRY--PERSONAL NAME | |
| Personal name | AGRRWAL, M. L. |
| 245 ## - TITLE STATEMENT | |
| Title | CLINICAL EXAMINATION OF OPHTHALMIC CASES |
| 250 ## - EDITION STATEMENT | |
| Edition statement | 3RD |
| 260 ## - PUBLICATION, DISTRIBUTION, ETC. (IMPRINT) | |
| Place of publication, distribution, etc | INDIA |
| Name of publisher, distributor, etc | CBS |
| Year of Publication | 2016 |
| 300 ## - PAGE DESCRIPTION | |
| No. of Pages | 350 |
| 650 ## - SUBJECT ADDED ENTRY--TOPICAL TERM | |
| Topical term or geographic name as entry element | OPHTHALMOLOGY |
| 942 ## - ADDED ENTRY ELEMENTS (KOHA) | |
| Source of classification or shelving scheme | Dewey Decimal Classification |
| Koha item type | Books |
| 942 ## - ADDED ENTRY ELEMENTS (KOHA) | |
| -- | 7 |
| Withdrawn status | Lost status | Source of classification or shelving scheme | Damaged status | Not for loan | Collection code | Home library | Current library | Shelving location | Date acquired | Vendor Name | Cost, normal purchase price | SGTU | Bill Number | Total Checkouts | Full call number | Accession No. (Barcode) | Date last seen | Date last borrowed | Bill Date | Koha item type |
|---|---|---|---|---|---|---|---|---|---|---|---|---|---|---|---|---|---|---|---|---|
| Dewey Decimal Classification | MEDICAL | SGT Medical Library | SGT Medical Library | Text Book | 18/01/2018 | ABC | 475.00 | SGTU | 8703 | 4 | 617.7 C16A | FM9476 | 20/11/2024 | 04/11/2024 | 02/09/2017 | Books | ||||
| Dewey Decimal Classification | MEDICAL | SGT Medical Library | SGT Medical Library | Text Book | 18/01/2018 | ABC | 475.00 | SGTU | 8703 | 2 | 617.7 C16A | FM9477 | 24/07/2019 | 24/05/2019 | 02/09/2017 | Books | ||||
| Dewey Decimal Classification | MEDICAL | SGT Medical Library | SGT Medical Library | Text Book | 18/01/2018 | ABC | 475.00 | SGTU | 8703 | 3 | 617.7 C16A | FM9478 | 27/02/2024 | 26/02/2024 | 02/09/2017 | Books |